000 00921cam a2200265 i 4500
001 4129241
003 EG-ScBUE
005 20260312103550.0
008 760417s1976 enka f b 001 0 eng d
020 _a0045520100
040 _aEG-ScBUE
_beng
_erda
_cEG-ScBUE
_dEG-ScBUE
082 0 4 _a552.4
_bVER
_222
100 1 _aVernon, R. H.
_q(Ronald Holden),
_96456
_eauthor.
245 1 0 _aMetamorphic processes :
_breactions and microstructure development /
_cR. H. Vernon, Macquarie University, Sydney, Australia.
250 _aFirst edition.
264 1 _aLondon :
_bGeorge Allen & Unwin Ltd,
_c1976.
300 _a247 pages :
_billustrations ;
_c24 cm
336 _2rdacontent
_atext
_btxt
337 _aunmediated
_2rdamedia
_bn
338 _avolume
_bnc
_2rdacarrier
504 _aIncludes bibliographical references and index.
650 7 _aMetamorphism (Geology)
_96457
_2BUEsh
655 _vReading book
942 _2ddc
_cBB
999 _c11897
_d11897